| 000 | 00430cam a2200181ua 4500 | ||
|---|---|---|---|
| 020 | _c2.50 | ||
| 041 |
_ahin _h |
||
| 082 |
_a891.54 _bUDA/JE |
||
| 100 | _aUdhayasankar, Bhatt . | ||
| 245 |
_aJeevan aur sangarsh / _cUdayasankar bhatt. _hTextual Documents |
||
| 250 |
_a4 / _b. |
||
| 260 |
_a : _bRajpal and Sanch , _c1963. |
||
| 300 | _a154 ; . | ||
| 365 | _a2.50 | ||
| 504 | _a | ||
| 942 | _cBK | ||
| 999 |
_c8223 _d8223 |
||